000 00867nam a22001697a 4500
008 100426s1997 le|||||r|||| 001 0 ara d
020 _a1855169304
082 _222
_a320.956
_bن ق ي
100 _913623
_aالنقيب،خلدون حسن
245 _a:! في البدء كان الصراع
_bجدل الدين والأثنية، الأمة والطبقة، عند العرب /
_cخلدون حسن النقيب
260 _aبيروت:
_bدار الساقي، 1997
_c1997
300 _a432 ص؛
_c24 سم
504 _aببليوجرافية ص 425-4229 وكشافات
651 _913680
_aالعالم العربي
_xالأحوال الاجتماعية
942 _2ddc
_cBB
999 _c13936
_d13936